000 003410000a22001210004500
090 _aAS
_bSeriadas
245 1 0 _aSinopsis de las Loranthaceae de Colombia
041 0 _aEspañol
700 1 _aFranco Rosselli, Pilar
_94796
100 1 _aDueñas Gómez, Hilda del Carmen
_999254
942 _cARTICULO
773 1 _tCaldasia
_345
_h1
_q81-99
_d2001
_g23
999 _c14464
_d14464